[Event "C.to Europeo U16"]
[Site "Budva MNE"]
[Date "2013.09.30"]
[Round "2"]
[White "Suarez Gomez, Julio"]
[Black "Basso, Pier Luigi"]
[Result "1/2-1/2"]
[WhiteElo "2111"]
[BlackElo "2225"]
[PlyCount "118"]
[EventDate "2013.09.29"]

1. e4 Nc6 2. Nf3 Nf6 3. e5 Ng4 4. d4 d6 5. h3 Nh6 6. exd6 Qxd6 7. Nc3 a6 8. g4
f5 9. g5 Nf7 10. Bc4 e5 11. dxe5 Nfxe5 12. Nxe5 Qxe5+ 13. Qe2 Qxe2+ 14. Nxe2
Ne5 15. Bd5 c6 16. Bg2 g6 17. Bd2 Bg7 18. Bc3 O-O 19. Nf4 Nf7 20. Bxg7 Re8+ 21.
Kd2 Kxg7 22. h4 Be6 23. Rhe1 Rad8+ 24. Kc3 Bc8 25. Rad1 Rxe1 26. Rxe1 Kf8 27.
a4 a5 28. b3 Rd6 29. Bf1 Bd7 30. Bc4 b5 31. Bxf7 Kxf7 32. Nd3 Be6 33. Re5 b4+
34. Kd2 Rd8 35. Ke3 Bd5 36. f3 h6 37. Nf4 hxg5 38. hxg5 Rd6 39. Nd3 Rd8 40. Nf4
Rd6 41. Kf2 Rd8 42. Re1 Rh8 43. Kg3 Rd8 44. Rd1 Rc8 45. Rd2 Rc7 46. Kf2 Rc8 47.
Rd3 Rh8 48. Ke3 Rh2 49. Nxd5 cxd5 50. Rxd5 Rxc2 51. Rxa5 Rc3+ 52. Kf4 Rxb3 53.
Ra7+ Kf8 54. Rb7 Kg8 55. Ke5 Rxf3 56. Rxb4 Rc3 57. Rb6 Kf7 58. Rb7+ Kg8 59.
Rb8+ Kf7 1/2-1/2

[Event "C.to Europeo U16"]
[Site "Budva MNE"]
[Date "2013.09.30"]
[Round "2"]
[White "Christiansen, Johan-Sebastian"]
[Black "Vesce, Emanuele"]
[Result "1-0"]
[WhiteElo "2218"]
[BlackElo "2002"]
[PlyCount "99"]
[EventDate "2013.09.29"]

1. d4 Nf6 2. c4 g6 3. Nc3 d5 4. Nf3 Bg7 5. Qa4+ Nc6 6. Bf4 O-O 7. e3 Bg4 8. Nd2
Re8 9. h3 Bf5 10. g4 Be6 11. Nb5 Rc8 12. Nxa7 Nxa7 13. Qxa7 dxc4 14. Bg2 Nd5
15. Bh2 c5 16. O-O cxd4 17. exd4 Qd7 18. a4 Ra8 19. Qc5 Rec8 20. Qa3 Bxd4 21.
Ne4 b5 22. Rad1 Rxa4 23. Qg3 Bxb2 24. Ng5 h6 25. Nxe6 fxe6 26. Qh4 Kg7 27. g5
h5 28. Be4 Qe8 29. Bc2 Ra3 30. Qe4 Qf7 31. Rb1 c3 32. Be5+ Kh7 33. Qe2 Kg8 34.
Qxb5 Nf4 35. Qd7 Rf8 36. Bxf4 Qxf4 37. Qxe6+ Qf7 38. Qe4 Ra5 39. h4 Rf5 40. f4
Kh7 41. Qe2 Kg8 42. Qa6 Kg7 43. Rbe1 e5 44. Rd1 Kh8 45. Qd6 Rxf4 46. Qxe5+ Qg7
47. Qxf4 Rxf4 48. Rxf4 Qe5 49. Rd8+ Kg7 50. Rd7+ 1-0

[Event "C.to Europeo U16"]
[Site "Budva MNE"]
[Date "2013.10.01"]
[Round "3"]
[White "Basso, Pier Luigi"]
[Black "Maksimov, Dmitri"]
[Result "1-0"]
[WhiteElo "2225"]
[BlackElo "2044"]
[PlyCount "55"]
[EventDate "2013.09.29"]

1. Nf3 Nf6 2. e3 d5 3. b3 c5 4. Bb2 Nc6 5. Bb5 Bd7 6. O-O e6 7. Bxc6 Bxc6 8.
Ne5 Bd6 9. f4 O-O 10. d3 Ne8 11. Nd2 f6 12. Nxc6 bxc6 13. c4 e5 14. fxe5 fxe5
15. Rxf8+ Kxf8 16. Qh5 Nf6 17. Rf1 Kg8 18. Qg5 Nd7 19. Qg4 Qe7 20. e4 d4 21.
Nf3 Nf6 22. Qg5 Rf8 23. Nh4 h6 24. Qg6 Qf7 25. Qg3 Kh7 26. Bc1 g6 27. Qh3 Qd7
28. Nxg6 1-0

[Event "C.to Europeo U16"]
[Site "Budva MNE"]
[Date "2013.10.01"]
[Round "3"]
[White "Vesce, Emanuele"]
[Black "Sidabras, Jonas"]
[Result "1-0"]
[WhiteElo "2002"]
[BlackElo "1716"]
[PlyCount "77"]
[EventDate "2013.09.29"]

1. e4 e6 2. Nf3 d5 3. Nc3 d4 4. Ne2 c5 5. c3 Nf6 6. cxd4 cxd4 7. Ng3 Nc6 8. Bc4
Bd6 9. d3 O-O 10. a3 a6 11. Qe2 Be7 12. O-O b5 13. Ba2 a5 14. Nd2 a4 15. f4 b4
16. Bc4 Na5 17. axb4 Nxc4 18. Nxc4 Bxb4 19. f5 Nd7 20. Qg4 Nf6 21. Qd1 Bd7 22.
e5 Nd5 23. f6 gxf6 24. exf6 Nxf6 25. Nb6 Ra5 26. Rxf6 Qxb6 27. Bh6 Kh8 28. Bxf8
Bxf8 29. Rxf7 Qd8 30. Qf3 Bg7 31. Nh5 Rxh5 32. Qxh5 Be8 33. Raf1 Bxf7 34. Qxf7
e5 35. Rc1 h6 36. Qf5 Qe7 37. Rc8+ Bf8 38. Qxf8+ Qxf8 39. Rxf8+ 1-0

[Event "C.to Europeo U16"]
[Site "Budva MNE"]
[Date "2013.10.02"]
[Round "4"]
[White "Khegay, Dmitriy"]
[Black "Basso, Pier Luigi"]
[Result "1-0"]
[WhiteElo "2327"]
[BlackElo "2225"]
[PlyCount "57"]
[EventDate "2013.09.29"]

1. b3 d5 2. Bb2 Nf6 3. e3 c5 4. Nf3 Nc6 5. Bb5 Bd7 6. O-O e6 7. d4 a6 8. Bd3
Qc7 9. a3 b5 10. dxc5 e5 11. Be2 Bxc5 12. c4 bxc4 13. bxc4 dxc4 14. Bxc4 e4 15.
Bxf6 exf3 16. Qd5 Be6 17. Qxc5 gxf6 18. Bxe6 fxe6 19. Rc1 Rc8 20. Qh5+ Ke7 21.
Qxf3 Qa5 22. Nc3 Ne5 23. Qb7+ Nd7 24. Ne4 Rxc1+ 25. Rxc1 Rb8 26. Qc6 Qxa3 27.
Rd1 Rd8 28. Qc7 f5 29. Nc5 1-0

[Event "C.to Europeo U16"]
[Site "Budva MNE"]
[Date "2013.10.02"]
[Round "4"]
[White "Grigorian, Spartak"]
[Black "Vesce, Emanuele"]
[Result "1-0"]
[WhiteElo "2144"]
[BlackElo "2002"]
[PlyCount "108"]
[EventDate "2013.09.29"]

1. d4 Nf6 2. Nf3 g6 3. c4 Bg7 4. Nc3 d5 5. cxd5 Nxd5 6. e4 Nxc3 7. bxc3 c5 8.
Rb1 O-O 9. Be2 cxd4 10. cxd4 Qa5+ 11. Bd2 Qxa2 12. O-O Nd7 13. Bb4 Nb6 14. Bc5
Bd7 15. Ra1 Qe6 16. Ng5 Qf6 17. f4 h6 18. e5 Qc6 19. Bf3 Qc7 20. Ne4 Nd5 21.
Rc1 Bb5 22. Rf2 Nxf4 23. Nc3 Ba6 24. Be4 Bxe5 25. Qg4 f5 26. Bxf5 Rxf5 27. Nd5
Rg5 28. Qf3 Nxd5 29. Qxd5+ Kh8 30. dxe5 Rd8 31. Qb3 Qd7 32. Be3 Rf5 33. Rd2 Qe8
34. Rxd8 Qxd8 35. g4 Rf3 36. Qe6 Rxe3 37. Rc8 Qxc8 38. Qxc8+ Kg7 39. Qe6 Re1+
40. Kg2 Re2+ 41. Kg3 Kf8 42. Qxg6 Rxe5 43. Kf4 Re2 44. Qxh6+ Kf7 45. g5 Bd3 46.
Qh5+ Kg7 47. Qf3 e5+ 48. Kg3 e4 49. Qf6+ Kg8 50. Qe6+ Kf8 51. Qh6+ Ke7 52. g6
Re1 53. Qg7+ Kd6 54. Qd4+ Ke7 1-0

[Event "C.to Europeo U16"]
[Site "Budva MNE"]
[Date "2013.10.03"]
[Round "5"]
[White "Basso, Pier Luigi"]
[Black "Popov, Kirill"]
[Result "1-0"]
[WhiteElo "2225"]
[BlackElo "2128"]
[PlyCount "47"]
[EventDate "2013.09.29"]

1. d4 Nf6 2. c4 g6 3. Nf3 Bg7 4. g3 O-O 5. Bg2 d6 6. O-O Nc6 7. Nc3 a6 8. Qd3
Bf5 9. e4 Bg4 10. d5 Bxf3 11. Qxf3 Na5 12. Qd3 c5 13. b3 e6 14. Bf4 exd5 15.
exd5 Qd7 16. Na4 Qc7 17. b4 b5 18. cxb5 axb5 19. Qxb5 Rfb8 20. Qxc5 Qd7 21.
Qxd6 Qxa4 22. bxa5 Rd8 23. Qc6 Qa3 24. Bc7 1-0

[Event "C.to Europeo U16"]
[Site "Budva MNE"]
[Date "2013.10.03"]
[Round "5"]
[White "Vesce, Emanuele"]
[Black "Motovilnik, Jurij"]
[Result "1-0"]
[WhiteElo "2002"]
[BlackElo "1841"]
[PlyCount "61"]
[EventDate "2013.09.29"]

1. e4 c5 2. Nf3 e6 3. c3 Nc6 4. d4 d5 5. exd5 Qxd5 6. Be3 cxd4 7. cxd4 Nf6 8.
Nc3 Qd8 9. Bd3 Be7 10. O-O O-O 11. a3 a6 12. Re1 b5 13. Qe2 Bb7 14. Rad1 Qc7
15. Bg5 Rad8 16. Bb1 h6 17. Bh4 Nd5 18. Qc2 g6 19. Nxd5 Rxd5 20. Bxe7 Qxe7 21.
Ba2 Rf5 22. d5 Nd8 23. Nd4 Rg5 24. g3 Bxd5 25. Bxd5 Rxd5 26. Nc6 Nxc6 27. Rxd5
Qb7 28. Rd6 Rc8 29. Qd2 Kg7 30. Rd7 Qa8 31. Rxe6 1-0

[Event "C.to Europeo U16"]
[Site "Budva MNE"]
[Date "2013.10.05"]
[Round "6"]
[White "Snihur, Piotr"]
[Black "Basso, Pier Luigi"]
[Result "1-0"]
[WhiteElo "2131"]
[BlackElo "2225"]
[PlyCount "61"]
[EventDate "2013.09.29"]

1. e4 c5 2. Nf3 e6 3. d4 cxd4 4. Nxd4 a6 5. Bd3 Qc7 6. Nc3 Nf6 7. O-O Nc6 8.
Be3 Be7 9. a4 O-O 10. Qe2 b6 11. Kh1 Bb7 12. f4 Nb4 13. Bd2 Nxd3 14. cxd3 Rac8
15. Rac1 Qb8 16. e5 Nd5 17. f5 Nxc3 18. Rxc3 Rxc3 19. Bxc3 Kh8 20. Qg4 Rg8 21.
Nf3 Qd8 22. f6 gxf6 23. exf6 Bc5 24. Ng5 Qf8 25. Qh5 h6 26. h4 Rg6 27. Qxg6
hxg5 28. Qh5+ Kg8 29. Qxg5+ Kh7 30. Qh5+ Kg8 31. Rf4 1-0

[Event "C.to Europeo U16"]
[Site "Budva MNE"]
[Date "2013.10.05"]
[Round "6"]
[White "Popov, Kirill"]
[Black "Vesce, Emanuele"]
[Result "1/2-1/2"]
[WhiteElo "2128"]
[BlackElo "2002"]
[PlyCount "80"]
[EventDate "2013.09.29"]

1. e4 c5 2. Nf3 d6 3. d4 cxd4 4. Nxd4 Nf6 5. Nc3 a6 6. Be3 e5 7. Nf3 Qc7 8. a4
h6 9. a5 Be6 10. Be2 Be7 11. O-O O-O 12. Qd3 Nc6 13. Bb6 Qb8 14. Ra4 Bd8 15.
Bxd8 Rxd8 16. Nd2 d5 17. exd5 Nxd5 18. Nxd5 Rxd5 19. Qc3 Qd8 20. Nb3 Rc8 21.
Qe1 Nd4 22. Nxd4 Rxd4 23. Rxd4 Qxd4 24. Qd1 Qxb2 25. Bf3 Bf5 26. Qd5 Rxc2 27.
g4 Bg6 28. Qxb7 Qd4 29. Qxa6 e4 30. Bd1 Rd2 31. Qc8+ Kh7 32. Bc2 e3 33. Bxg6+
fxg6 34. Qe6 e2 35. Re1 Qd5 36. Qxd5 Rxd5 37. Rxe2 Rxa5 38. Kg2 g5 39. Kg3 Ra3+
40. f3 Rb3 1/2-1/2

[Event "C.to Europeo U16"]
[Site "Budva MNE"]
[Date "2013.10.06"]
[Round "7"]
[White "Basso, Pier Luigi"]
[Black "Kumsiashvili, Nikoloz"]
[Result "1/2-1/2"]
[WhiteElo "2225"]
[BlackElo "2130"]
[PlyCount "221"]
[EventDate "2013.09.29"]

1. Nf3 d5 2. b3 c6 3. Bb2 Nf6 4. e3 Bg4 5. c4 Nbd7 6. Be2 e6 7. h3 Bh5 8. O-O
Bd6 9. d3 O-O 10. Nbd2 Qe7 11. e4 dxe4 12. Nxe4 Nxe4 13. dxe4 Bxf3 14. Bxf3 Be5
15. Qc2 Bxb2 16. Qxb2 e5 17. b4 c5 18. Bg4 Nb6 19. bxc5 Na4 20. Qb4 Nxc5 21.
Rad1 Qc7 22. Rd5 b6 23. Qb2 Nxe4 24. Qxe5 Qxc4 25. Rd4 Rae8 26. Rxc4 Rxe5 27.
Re1 f5 28. f4 Ree8 29. Bxf5 Nd6 30. Rxe8 Rxe8 31. Bd7 Re7 32. Rc7 Kf7 33. Rxa7
Ne4 34. f5 Kf6 35. Rb7 Nd6 36. Rc7 Ke5 37. g4 Ne4 38. Rb7 Nc5 39. Rxb6 Rxd7 40.
Rb5 Kd4 41. Kg2 Ra7 42. Rb2 Nd3 43. Rb6 Rxa2+ 44. Kg3 Ra7 45. h4 Nc5 46. Kf4
Nd3+ 47. Kg3 Ke4 48. f6 gxf6 49. Rxf6 Ne5 50. Rh6 Rf7 51. g5 Kf5 52. Rb6 Nd7
53. Rb5+ Kg6 54. Kg4 Kg7 55. h5 Re7 56. Ra5 Nf8 57. Ra6 Re4+ 58. Kg3 Rd4 59.
Ra7+ Nd7 60. Kf3 Kf8 61. Ra8+ Kf7 62. g6+ hxg6 63. hxg6+ Kxg6 64. Ke3 Rd5 65.
Ra6+ Kf5 66. Ra4 Nc5 67. Rd4 Re5+ 68. Kf3 Ne6 69. Ra4 Ng5+ 70. Kg3 Re3+ 71. Kf2
Rc3 72. Ke2 Ne6 73. Kd2 Rh3 74. Ra8 Nf4 75. Rf8+ Ke4 76. Ra8 Rd3+ 77. Kc2 Ne6
78. Re8 Rd6 79. Kc3 Rc6+ 80. Kd2 Kd4 81. Rh8 Ng5 82. Rd8+ Ke4 83. Re8+ Ne6 84.
Rh8 Rd6+ 85. Kc3 Rd3+ 86. Kc4 Rd7 87. Kc3 Nf4 88. Re8+ Kd5 89. Kd2 Kd4 90. Ra8
Ke4+ 91. Kc2 Nd5 92. Re8+ Kd4 93. Rh8 Nf6 94. Kd2 Ne4+ 95. Ke2 Nc3+ 96. Kd2 Rg7
97. Rd8+ Nd5 98. Ke2 Rg2+ 99. Kf3 Rd2 100. Re8 Rd3+ 101. Kf2 Ra3 102. Rd8 Ke4
103. Re8+ Kf5 104. Rf8+ Nf6 105. Rb8 Kf4 106. Ke2 Re3+ 107. Kd2 Ne4+ 108. Kc2
Re2+ 109. Kb3 Ke3 110. Rd8 Re1 111. Kb2 1/2-1/2

[Event "C.to Europeo U16"]
[Site "Budva MNE"]
[Date "2013.10.06"]
[Round "7"]
[White "Vesce, Emanuele"]
[Black "Thybo, Jesper Sondergaard"]
[Result "0-1"]
[WhiteElo "2002"]
[BlackElo "2116"]
[PlyCount "50"]
[EventDate "2013.09.29"]

1. e4 c6 2. d4 d5 3. f3 dxe4 4. fxe4 e5 5. Nf3 Bg4 6. Bc4 Nd7 7. O-O Ngf6 8. c3
Bd6 9. Qb3 O-O 10. Qxb7 exd4 11. Qxc6 Ne5 12. Nxe5 Bxe5 13. Qb5 Qc7 14. h3 Bd7
15. Qb3 Rab8 16. Bxf7+ Rxf7 17. Qd1 Bb5 18. Rf5 Nxe4 19. Rxf7 Qxf7 20. Qf3 dxc3
21. Qxf7+ Kxf7 22. Nxc3 Nxc3 23. bxc3 Bd3 24. Be3 a6 25. Rd1 Rb1 0-1

[Event "C.to Europeo U16"]
[Site "Budva MNE"]
[Date "2013.10.07"]
[Round "8"]
[White "Thybo, Jesper Sondergaard"]
[Black "Basso, Pier Luigi"]
[Result "0-1"]
[WhiteElo "2116"]
[BlackElo "2225"]
[PlyCount "100"]
[EventDate "2013.09.29"]

1. e4 c5 2. Nf3 Nc6 3. d4 cxd4 4. Nxd4 Qb6 5. Nb3 Nf6 6. Nc3 e6 7. Be3 Qc7 8.
a3 a6 9. Be2 d6 10. O-O b5 11. f4 Be7 12. Bf3 Bb7 13. Qe2 O-O 14. g4 Nd7 15.
Rad1 Nb6 16. g5 Nc4 17. Bc1 Qb6+ 18. Kh1 a5 19. Qf2 Qxf2 20. Rxf2 b4 21. Nb5
bxa3 22. bxa3 a4 23. N3d4 Rfc8 24. f5 N6e5 25. Bg2 Rc5 26. Nc3 Nxa3 27. Bxa3
Rxc3 28. Nb5 Rc6 29. fxe6 fxe6 30. Bh3 Bc8 31. Nxd6 Bxd6 32. Bxd6 Nf7 33. Be7
Ba6 34. Rd7 Bc4 35. Ba3 Nxg5 36. Bb2 e5 37. Bxe5 Nf7 38. Bd4 a3 39. Rb7 a2 40.
Bf1 Be6 41. Ba1 Rd6 42. Bd3 Rdd8 43. Rb6 Rd6 44. Rb7 Rdd8 45. Rb6 Re8 46. Bb5
Reb8 47. Rxb8+ Rxb8 48. c4 Nd6 49. Be5 Nxb5 50. Rxa2 Bxc4 0-1

[Event "C.to Europeo U16"]
[Site "Budva MNE"]
[Date "2013.10.08"]
[Round "9"]
[White "Basso, Pier Luigi"]
[Black "Takacs, Laszlo"]
[Result "1/2-1/2"]
[WhiteElo "2225"]
[BlackElo "2130"]
[PlyCount "203"]
[EventDate "2013.09.29"]

1. d4 Nf6 2. c4 g6 3. Nf3 Bg7 4. g3 d6 5. Bg2 O-O 6. O-O Nbd7 7. Nc3 e5 8. e4
h6 9. h3 Re8 10. Be3 exd4 11. Nxd4 Nc5 12. Qc2 a5 13. Rfe1 Bd7 14. f4 Nh5 15.
Kh2 f5 16. Rad1 Ne6 17. exf5 Nxd4 18. Bxd4 Rxe1 19. Bd5+ Kh8 20. Bxg7+ Nxg7 21.
Rxe1 c6 22. Bg2 Nxf5 23. Ne4 Qf8 24. Qc3+ Qg7 25. Qxg7+ Kxg7 26. g4 Nh4 27.
Nxd6 Nxg2 28. Kxg2 Kf6 29. Ne4+ Kf7 30. Nd6+ Kf6 31. c5 Rb8 32. Kg3 b5 33. h4
Be6 34. g5+ hxg5 35. hxg5+ Ke7 36. f5 gxf5 37. Nxf5+ Kd7 38. Nd4 Bd5 39. Kg4
Rg8 40. Nf5 Be6 41. Rd1+ Kc7 42. Rd6 Bxa2 43. Ne7 Rg7 44. Nxc6 a4 45. Nb4 Bc4
46. Na6+ Kb7 47. Rb6+ Ka7 48. Nb4 Rg8 49. g6 Rc8 50. Nc6+ Ka8 51. g7 b4 52.
Nxb4 Rc7 53. Rg6 Rxc5 54. g8=Q+ Bxg8 55. Rxg8+ Kb7 56. Kf3 a3 57. bxa3 Rc3+ 58.
Ke4 Rxa3 59. Kd4 Rh3 60. Kc5 Rh7 61. Nd5 Rh5 62. Rg7+ Kc8 63. Rf7 Rh1 64. Kc6
Rc1+ 65. Kd6 Rd1 66. Rc7+ Kd8 67. Rh7 Ke8 68. Rh3 Kf7 69. Rf3+ Kg6 70. Ke5 Re1+
71. Ne3 Ra1 72. Rg3+ Kf7 73. Nd5 Re1+ 74. Kf5 Rf1+ 75. Nf4 Ra1 76. Rb3 Ra5+ 77.
Kg4 Kf6 78. Rh3 Ra4 79. Rh6+ Ke5 80. Re6+ Kd4 81. Rd6+ Ke4 82. Rd8 Ra1 83. Re8+
Kd4 84. Ne2+ Kd5 85. Ng3 Ra7 86. Kf4 Ra4+ 87. Kg5 Ra2 88. Kg4 Ra7 89. Re1 Ra8
90. Ne4 Rg8+ 91. Kf4 Rf8+ 92. Ke3 Ra8 93. Nc3+ Kc4 94. Rc1 Re8+ 95. Ne4+ Kd5
96. Kf3 Rf8+ 97. Ke3 Re8 98. Kd3 Ke5 99. Rc5+ Kf4 100. Rf5+ Kxf5 101. Nd6+ Ke6
102. Nxe8 1/2-1/2

[Event "C.to Europeo U16"]
[Site "Budva MNE"]
[Date "2013.10.08"]
[Round "9"]
[White "Sibashvili, Giorgi"]
[Black "Vesce, Emanuele"]
[Result "1/2-1/2"]
[WhiteElo "2180"]
[BlackElo "2002"]
[PlyCount "81"]
[EventDate "2013.09.29"]

1. a3 e5 2. c4 c6 3. Nf3 e4 4. Nd4 d5 5. cxd5 Nf6 6. Nc3 Bc5 7. Nb3 Bb6 8. d4
exd3 9. Qxd3 cxd5 10. Bf4 O-O 11. e3 Nc6 12. Be2 d4 13. Nxd4 Nxd4 14. exd4 Qxd4
15. Qxd4 Bxd4 16. Nb5 Bxb2 17. Rb1 a6 18. Rxb2 axb5 19. O-O Bd7 20. Bxb5 Bxb5
21. Rxb5 Rfd8 22. Bc1 Rd7 23. Bb2 h6 24. Bxf6 gxf6 25. Rb3 Rd2 26. h3 Ra2 27.
Rd1 R2xa3 28. Rxb7 Ra1 29. Rxa1 Rxa1+ 30. Kh2 Kg7 31. Rb4 Ra5 32. Rg4+ Rg5 33.
f4 Rxg4 34. hxg4 Kg6 35. Kg3 f5 36. Kh4 fxg4 37. Kxg4 f5+ 38. Kh4 Kf6 39. Kh5
Kg7 40. g3 Kh7 41. g4 1/2-1/2

[Event "C.to Europeo U16 femminile"]
[Site "Budva MNE"]
[Date "2013.09.30"]
[Round "2"]
[White "Paolillo, Gaia"]
[Black "Velikic, Adela"]
[Result "0-1"]
[WhiteElo "1920"]
[BlackElo "2023"]
[PlyCount "64"]
[EventDate "2013.09.29"]

1. e4 c5 2. b3 Nc6 3. Bb2 d6 4. Nf3 Nf6 5. e5 dxe5 6. Nxe5 Qc7 7. Nxc6 bxc6 8.
Be2 e5 9. O-O Bd6 10. Na3 O-O 11. Nc4 Nd5 12. d3 Re8 13. Re1 Bd7 14. Bf3 Rad8
15. Qd2 f6 16. Ba3 Nf4 17. Nxd6 Qxd6 18. Qa5 Ne6 19. Bg4 Nd4 20. Bxc5 Qd5 21.
Bxd7 Rxd7 22. Rac1 e4 23. dxe4 Qg5 24. Kh1 Re5 25. b4 Ne2 26. Rcd1 Nf4 27. g3
Qg4 28. gxf4 Rxd1 29. Rxd1 Qxd1+ 30. Kg2 Rxe4 31. Qxa7 Qg4+ 32. Kf1 Qh3+ 0-1

[Event "C.to Europeo U16 femminile"]
[Site "Budva MNE"]
[Date "2013.10.02"]
[Round "4"]
[White "Paolillo, Gaia"]
[Black "Fiadosenka, Rahneda"]
[Result "0-1"]
[WhiteElo "1920"]
[BlackElo "1722"]
[PlyCount "156"]
[EventDate "2013.09.29"]

1. e4 c5 2. b3 Nc6 3. Bb2 e5 4. Nf3 d6 5. Nc3 g6 6. Be2 Bg7 7. O-O Nf6 8. Re1
O-O 9. h3 h6 10. Nh2 Nd4 11. Nf1 Bd7 12. Ne3 Bc6 13. d3 b5 14. Ncd5 Nxd5 15.
Nxd5 Nxe2+ 16. Qxe2 Bxd5 17. exd5 b4 18. a3 a5 19. a4 Qd7 20. Qe4 f5 21. Qc4 f4
22. f3 g5 23. Qe4 Qf5 24. Qxf5 Rxf5 25. Rad1 h5 26. Ba1 Kf7 27. Kf2 Bf6 28. Rh1
Rg8 29. Rdg1 Bd8 30. Ke2 Bb6 31. Rf1 Rf6 32. Rh2 Ke7 33. Rfh1 Kd7 34. Bb2 Kc7
35. Bc1 Kb7 36. Bd2 Rfg6 37. Be1 R6g7 38. Kf1 Ka6 39. Bf2 Kb7 40. Be1 Bc7 41.
Bf2 Kc8 42. Be1 Kd7 43. Bf2 Ke7 44. Be1 Kf6 45. Bf2 Bb6 46. Be1 Ke7 47. Bf2 Kd7
48. Be1 Kc7 49. Bf2 Kb7 50. Ke2 Ka6 51. Kf1 Re8 52. Ke2 c4 53. bxc4 Bxf2 54.
Kxf2 Kb6 55. Ke2 Kc5 56. Kd2 Rb8 57. Rb1 g4 58. hxg4 hxg4 59. Ke2 gxf3+ 60.
gxf3 Rbg8 61. Rf1 Kd4 62. Rff2 Kc3 63. Ke1 Rg1+ 64. Rf1 R1g2 65. Rf2 Rxf2 66.
Kxf2 Kxc2 67. Rh6 b3 68. Rxd6 b2 69. Rb6 b1=Q 70. Rxb1 Kxb1 71. c5 Rd8 72. d6
Kc2 73. Ke2 Kc3 74. d4 exd4 75. Kd1 d3 76. Kc1 d2+ 77. Kd1 Re8 78. d7 Re1# 0-1

[Event "C.to Europeo U16 femminile"]
[Site "Budva MNE"]
[Date "2013.10.03"]
[Round "5"]
[White "Sayafarova, Anna"]
[Black "Paolillo, Gaia"]
[Result "1/2-1/2"]
[WhiteElo "1750"]
[BlackElo "1920"]
[PlyCount "80"]
[EventDate "2013.09.29"]

1. e4 g6 2. d4 Bg7 3. Nc3 d6 4. f4 Nf6 5. Nf3 O-O 6. Bc4 e6 7. O-O d5 8. exd5
exd5 9. Be2 Nc6 10. Ne5 Ne4 11. Bf3 f5 12. Be3 Be6 13. a3 a6 14. Ne2 Ne7 15.
Qd3 Qd6 16. b3 b5 17. Rfc1 Rfc8 18. c4 c6 19. c5 Qc7 20. Bd2 a5 21. Nc3 Kh8 22.
b4 axb4 23. axb4 Qb7 24. Qc2 Rxa1 25. Rxa1 Ra8 26. Rxa8+ Qxa8 27. Be1 Bf6 28.
Qa2 Qxa2 29. Nxa2 Kg7 30. h4 h5 31. Nc1 Bxe5 32. fxe5 Bd7 33. Kf1 Ng8 34. Ke2
Nh6 35. Ke3 Nf7 36. Nd3 Nd8 37. Nf4 Ne6 38. Nxe6+ Bxe6 39. Bxe4 fxe4 40. Kf4
Kf7 1/2-1/2

[Event "C.to Europeo U16 femminile"]
[Site "Budva MNE"]
[Date "2013.10.05"]
[Round "6"]
[White "Paolillo, Gaia"]
[Black "Jedrocha, Katarzyna"]
[Result "1-0"]
[WhiteElo "1920"]
[BlackElo "1746"]
[PlyCount "105"]
[EventDate "2013.09.29"]

1. e4 e5 2. Nf3 Nf6 3. Nxe5 d6 4. Nf3 Nxe4 5. c3 Nc6 6. d4 d5 7. Bd3 Be7 8. O-O
O-O 9. Qc2 Bf5 10. Nbd2 Nxd2 11. Bxd2 Bxd3 12. Qxd3 Re8 13. Rfe1 Qd7 14. Re2
Bf6 15. Rae1 Rxe2 16. Qxe2 Kf8 17. Bf4 Ne7 18. Be5 Ng8 19. Bxf6 Nxf6 20. Ne5
Qd6 21. g4 Ne4 22. f3 Ng5 23. h4 Ne6 24. Qh2 f6 25. Nd3 Qxh2+ 26. Kxh2 Kf7 27.
Kg3 b6 28. f4 c6 29. f5 Nc7 30. Nb4 c5 31. dxc5 bxc5 32. Nc6 Nb5 33. a4 Nd6 34.
Re7+ Kf8 35. Rd7 Nc4 36. a5 Nxb2 37. Rxd5 Na4 38. c4 a6 39. Nd8 Nc3 40. Ne6+
Kg8 41. Rd7 Re8 42. Rxg7+ Kh8 43. Ra7 Ne4+ 44. Kf4 Nd6 45. Rxa6 Nxc4 46. Ra7
Rc8 47. a6 Nd6 48. Rd7 Nb5 49. Rb7 Nd6 50. Rb6 Nc4 51. Rb5 Nd6 52. Rb1 Ra8 53.
a7 1-0

[Event "C.to Europeo U16 femminile"]
[Site "Budva MNE"]
[Date "2013.10.06"]
[Round "7"]
[White "Abdimanoglu, Beste Basak"]
[Black "Paolillo, Gaia"]
[Result "1-0"]
[WhiteElo "1835"]
[BlackElo "1920"]
[PlyCount "61"]
[EventDate "2013.09.29"]

1. d4 g6 2. c4 Bg7 3. Nc3 Nf6 4. e4 d6 5. f3 O-O 6. Nge2 c5 7. d5 Na6 8. g4 Nc7
9. Be3 a6 10. a4 Bd7 11. a5 Rb8 12. Qd2 b5 13. axb6 Rxb6 14. h4 e6 15. h5 exd5
16. cxd5 Qb8 17. Rb1 Nb5 18. Nxb5 Bxb5 19. e5 Nd7 20. Bh6 Nxe5 21. Kf2 Bxh6 22.
Qxh6 Qb7 23. Nf4 Bxf1 24. Rbxf1 Rxb2+ 25. Kg3 Rb3 26. Rh3 c4 27. Kg2 c3 28.
Rfh1 c2 29. g5 Rb1 30. Qxh7+ Kxh7 31. hxg6+ 1-0

[Event "C.to Europeo U16 femminile"]
[Site "Budva MNE"]
[Date "2013.10.07"]
[Round "8"]
[White "Paolillo, Gaia"]
[Black "Papathanasiou, Elisavet"]
[Result "0-1"]
[WhiteElo "1920"]
[BlackElo "1925"]
[PlyCount "148"]
[EventDate "2013.09.29"]

1. e4 c5 2. b3 d6 3. Bb2 Nf6 4. Bb5+ Bd7 5. Bxd7+ Qxd7 6. Nc3 g6 7. Nd5 Bg7 8.
Nxf6+ exf6 9. Nf3 O-O 10. O-O Nc6 11. d3 Rfe8 12. Re1 Rad8 13. Qd2 Ne5 14. Bxe5
dxe5 15. Rad1 b6 16. Qe2 Qb5 17. Nd2 Qc6 18. Nb1 f5 19. Nc3 f4 20. Nd5 h5 21.
c4 Bf6 22. a3 Kg7 23. Kf1 Rh8 24. Qc2 Qe6 25. Nxf6 Kxf6 26. f3 g5 27. Qf2 Qe7
28. Ke2 Rd4 29. Rd2 Qd7 30. Red1 b5 31. Qe1 Rb8 32. Rb2 Qe6 33. cxb5 Rxb5 34.
Qc3 Qb6 35. Rdb1 Rd8 36. Qc4 Rb8 37. Kf1 a5 38. Ke2 g4 39. fxg4 hxg4 40. g3 f3+
41. Kf1 Qe6 42. h4 gxh3 43. Qxe6+ Kxe6 44. Kf2 h2 45. Kxf3 h1=Q+ 46. Rxh1 Rxb3
47. Rxb3 Rxb3 48. Ke2 Rxa3 49. g4 Ra2+ 50. Ke3 f6 51. Rc1 Kf7 52. Rxc5 Kg6 53.
Rc8 a4 54. Ra8 a3 55. Ra7 Kg5 56. Rg7+ Kh4 57. Rh7+ Kxg4 58. Rh1 Rb2 59. Rg1+
Kh3 60. Ra1 a2 61. d4 Kg2 62. d5 Kg3 63. Rg1+ Kh4 64. Ra1 Kg5 65. Rg1+ Kh6 66.
Ra1 Kg7 67. Kd3 Kf7 68. Kc3 Re2 69. Kd3 Rg2 70. Kc3 Rg7 71. Rxa2 Rg3+ 72. Kb4
Re3 73. Kc5 Rxe4 74. Rh2 Ra4 0-1

[Event "C.to Europeo U16 femminile"]
[Site "Budva MNE"]
[Date "2013.10.08"]
[Round "9"]
[White "Kyrkjebo, Marte B."]
[Black "Paolillo, Gaia"]
[Result "1-0"]
[WhiteElo "1695"]
[BlackElo "1920"]
[PlyCount "53"]
[EventDate "2013.09.29"]

1. e4 e5 2. Nf3 Nc6 3. Nc3 Nf6 4. Bb5 Nd4 5. Bc4 Nxf3+ 6. gxf3 d6 7. d4 Bd7 8.
Rg1 Qe7 9. Be3 a6 10. Qe2 exd4 11. Bxd4 Be6 12. Bxe6 Qxe6 13. O-O-O O-O-O 14.
Kb1 Kb8 15. f4 Ne8 16. f5 Qd7 17. f4 Rg8 18. Qf2 g6 19. Qe3 b6 20. Nd5 Qc6 21.
Rd3 Qb7 22. Rb3 b5 23. a4 c6 24. axb5 cxb5 25. c4 Nc7 26. Nxc7 Kxc7 27. cxb5
1-0

[Event "C.to Europeo U18"]
[Site "Budva MNE"]
[Date "2013.09.29"]
[Round "1"]
[White "Altini, Nicola"]
[Black "Hackner, Oskar A."]
[Result "1-0"]
[WhiteElo "2382"]
[BlackElo "2104"]
[PlyCount "82"]
[EventDate "2013.09.29"]

1. d4 Nf6 2. c4 e6 3. Nf3 b6 4. g3 Ba6 5. e3 c6 6. b4 d5 7. Nbd2 Be7 8. Bb2 O-O
9. Ne5 Nfd7 10. Nxc6 Nxc6 11. b5 Nxd4 12. bxa6 Nc6 13. cxd5 exd5 14. Bb5 Rc8
15. O-O Bf6 16. Bxf6 Nxf6 17. Nf3 Qe7 18. a4 Na5 19. Nd4 Rc5 20. Qf3 Rfc8 21.
Rfd1 Ne4 22. Qg4 Qf6 23. Qf5 Qxf5 24. Nxf5 Kf8 25. Nd4 Ke7 26. g4 Kf6 27. Kg2
h5 28. h3 hxg4 29. hxg4 Nc4 30. Nb3 Nc3 31. Nxc5 bxc5 32. Rh1 Ne5 33. Rhc1 Ne4
34. Be2 c4 35. Rab1 Nc5 36. Rb5 Ke6 37. g5 Rc6 38. Bf3 Nxf3 39. Kxf3 Nd7 40. e4
dxe4+ 41. Kxe4 c3 1-0

[Event "C.to Europeo U18"]
[Site "Budva MNE"]
[Date "2013.09.30"]
[Round "2"]
[White "Lewtak, Damian"]
[Black "Altini, Nicola"]
[Result "1/2-1/2"]
[WhiteElo "2275"]
[BlackElo "2382"]
[PlyCount "53"]
[EventDate "2013.09.29"]

1. d4 d5 2. c4 c6 3. Nf3 Nf6 4. e3 Bf5 5. Nc3 e6 6. Nh4 Bg6 7. Qb3 Qc7 8. Nxg6
hxg6 9. g3 Nbd7 10. Bg2 Nb6 11. cxd5 exd5 12. O-O Be7 13. e4 dxe4 14. Nxe4 Nxe4
15. Bxe4 Qd7 16. Bg2 O-O 17. Rd1 Nd5 18. Bd2 Bf6 19. Rac1 Rfe8 20. Bxd5 cxd5
21. Be3 Rac8 22. a4 b6 23. Qb5 Qe6 24. Qa6 Qd7 25. Qb5 Qe6 26. Qa6 Qd7 27. Qb5
1/2-1/2